Miasta i miejscowości wspomniane w Blok Ekipie - Statystyki

Ogólne statystyki
  • Ten quiz został rozwiązany 45 razy
  • Średni wynik to 7 z 13
Statystyki odpowiedzi
Kontekst Miasto lub miejscowość % Poprawnych
Miejsce akcji całego serialu Warszawa
97%
Cieślak porywa Wala, upija go, ubiera w szalik Legii Warszawa i wyrzuca na rynek tego miasta, gdzie Walo obskakuje łomot z tutejszymi kibolami Poznań
95%
Walo tam trafia gdy Spejson i Wojtas dla żartu wsadzili go do bagażnika samochodu kiboli z tego miasta, myląc go z samochodem pana Wiesia Kraków
92%
Kiedy ziomeczki wypoczywali na Mazurach, spotykają kiboli z tego miasta Gdynia
82%
Ekipa pojechała tam na wakacje Mielno
76%
Ziomeczki testując nowe turbo w Bawarze trafiają do tego miasta. Początkowo myśleli że cofnęli się w czasie do PRL-u Garwolin
71%
Głowni bohaterowie jadą do tego miasta po tym gdy Spejson (przynajmniej tak myślał) wygrał 100 000 złotych Zakopane
61%
Ziomeczki przyjechali do tego miasta, by dokonać urbexu na opuszczonym szpitalu psychiatrycznym Otwock
42%
Ziomeczki pojechali tam sprzedawać kradzione radia Słomczyn
42%
Ekipa jedzie tam kupić turbo do Szerszenia Pułtusk
24%
Będąc w tym mieście, ziomeczki wykrzykiwali obraźliwe teksty na jego temat. Spejson obskoczył tam też łomot od tutejszego dresiarza Raszyn
18%
Pochodzi stamtąd Lodołamacz Kozienice
3%
Puchaccy mają tam działkę Ołdakowizna
3%
Nie znaleziono quizów pasujących do podanych kryteriów
Rozkład punktacji
Procent ludzi z każdym wynikiem
Percentyl według liczby udzielonych odpowiedzi
Twoja historia wyników
Nie rozwiązałeś tego quizu